|
|
|
|
| LEADER |
00000nam a2200000 a 4500 |
| 001 |
vtls001308264 |
| 003 |
SK-MaSNL |
| 005 |
20260302070140.0 |
| 008 |
240314s1965 xo 0 ger |
| 020 |
|
|
|c [50,00]
|
| 035 |
|
|
|a SNK000260566
|
| 040 |
|
|
|a SNK
|b slo
|c SNK
|e AACR2
|
| 041 |
0 |
|
|a ger
|
| 044 |
|
|
|a xo
|c SK
|
| 080 |
|
|
|a 943.76"18"
|2 1981
|
| 080 |
|
|
|a 885.4 "18"
|2 1981
|
| 100 |
1 |
|
|a Mésároš, Július,
|d 1923-2006
|4 aut
|
| 245 |
1 |
4 |
|a Die Idee der slawischen Schicksalsgemeinschaft in der slowakischen nationalen Bewegung in der zweiten Hälfte des 19. Jahrhunderts
|c Július Mésároš
|
| 260 |
|
|
|a S.l.
|b s.n.
|c [1965]
|
| 300 |
|
|
|a S. 159-211
|c 24 cm
|
| 500 |
|
|
|a Odtlačok z: Historica, 10, ČAV 1965, xerokópia
|
| 650 |
0 |
7 |
|a slovanská vzájomnosť
|z Slovensko
|y 19. stor., 2. polovica
|2 SNK
|9 63996
|
| 650 |
0 |
7 |
|a slovenské národné obrodenie
|2 SNK
|9 71521
|
| 958 |
|
|
|a OND
|
| 999 |
|
|
|c 1145756
|d 1147686
|
| 952 |
|
|
|t P60, <03>, [BOOK], {603}
|a SNK
|b SNK
|y PREZ
|7 0
|p 17A0100967
|o snkOSC 19368
|i snkV 2552/97
|0 0
|1 0
|4 0
|d 1997-10-30
|l 0
|r 2005-01-02 00:00:00
|w 2026-02-24
|